Reštrukturalizácia podniku bakalárska práca

Enregistré dans:
Détails bibliographiques
Auteur principal: Kovaľová, Martina
Collectivité auteur: Fakulta podnikového manažmentu EU. Katedra podnikovohospodárska
Autres auteurs: Kubica, Milan, 1958-
Format: Livre
Langue:slovaque
Publié: Bratislava 2010
Tags: Ajouter un tag
Pas de tags, Soyez le premier à ajouter un tag!

MARC

LEADER 00000nbm a2200000 4500
001 0133613
005 20161109111539.9
041 0 |a slo 
044 |a SK 
245 1 0 |a Reštrukturalizácia podniku  |b bakalárska práca  |c Martina Kovaľová ; školiteľ: Milan Kubica 
264 1 |a Bratislava  |c 2010 
300 |a 43 s. 
100 1 |a Kovaľová, Martina 
700 1 |a Kubica, Milan, 1958- 
710 2 |a Fakulta podnikového manažmentu EU. Katedra podnikovohospodárska